Welfare-based optimal monetary policy in a two-sector small open economy

Salvato in:
Dettagli Bibliografici
Autore principale: Rychalovská, Yuliya
Natura: Libro
Lingua:inglese
Pubblicazione: Praha Czech National Bank 2007
Serie:Working paper series 16/2007
Soggetti:
Tags: Aggiungi Tag
Nessun Tag, puoi essere il primo ad aggiungerne!!

MARC

LEADER 00000nam$a2200000$$$4500
001 0082102
005 20240313135444.0
022 |a 1803-2397 
041 0 |a eng 
044 |a CZ 
245 1 0 |a Welfare-based optimal monetary policy in a two-sector small open economy  |c Yuliya Rychalovská 
264 1 |a Praha  |b Czech National Bank  |c 2007 
300 |a 46 s. 
490 1 |a Working paper series  |v 16/2007 
830 0 |a Working paper series  |v 16/2007 
610 2 0 |a politika peňažná 
610 2 0 |a hospodárstvo otvorené 
610 2 0 |a blahobyt 
610 2 0 |a kurz devízový 
610 2 0 |a modely 
610 2 0 |a modelovanie ekonometrické 
100 1 |a Rychalovská, Yuliya